000 00520nam a2200193Ia 4500
005 20250923144725.0
008 008 250917s9999 xx 000 0 eng d
037 _aTextual
040 _aDSWL
_beng
_cDSWL
041 _aeng
_2eng
084 _ax
_qDSWL
245 0 _aUnderstanding collective bargaining
_cEd. by Elizabeth Marting
260 _aNew York
_b American Management Association
_c1958
300 _a415p.
365 _aUSD
_b7.5
925 _g7.5
942 _cTEXL
_hx
999 _c1442522
_d1442522